000 00513nam a2200193 a 4500
001 1773825107125
003 YourLibrary
005 20260318144534.0
008 260318s1997##################000#0#eng##
020 _a9780521552998
082 0 4 _a338.064GAR
100 1 _aGarud, Raghu,
_eauthor.
245 1 0 _aTechnological Innovation :
260 _bCambridge University Press,
_c1997.
300 _a400 pages
650 0 _aBusiness & Economics.
942 _cENGLISH
040 _aYourLibrary
_beng
_cYourLibrary
999 _c617839
_d617839